书目信息 |
| 题名: |
缅甸史
|
|
| 作者: | 哈威 著 ;姚梓良 译 | |
| 分册: | 下册 | |
| 出版信息: | 北京 商务印书馆 1973.06 |
|
| 页数: | 336页 | |
| 开本: | 20cm | |
| 丛书名: | ||
| 单 册: | ||
| 中图分类: | K337.0 | |
| 科图分类: | ||
| 主题词: | 东南亚--历史 | |
| 电子资源: | ||
| ISBN: | ||
| 000 | 00701nam0 2200241 45 | |
| 001 | 0212190969 | |
| 005 | 20031219104102.4 | |
| 010 | @dCNY1.95 | |
| 091 | @a11017.3 | |
| 100 | @a20021219d1973 km y0chiy0120 ea | |
| 101 | 0 | @achi |
| 105 | @a z 000yy | |
| 200 | 1 | @a缅甸史@AMian Dian Shi@h下册@f(英)戈·埃·哈威著@F(Ying)Ge·Ai·Ha Wei Zhu@g姚梓良译 |
| 210 | @a北京@c商务印书馆@d1973.06 | |
| 215 | @a336页@d20cm | |
| 300 | @a内部读物 | |
| 300 | @a本书系根据英国Longmans,Green and Co.,1925年出版的哈威著缅甸史译出 | |
| 606 | 0 | @a东南亚@x历史 |
| 690 | @aK337.0@v3 | |
| 701 | 0 | @a哈威@4著 |
| 702 | 0 | @a姚梓良@AYao Zi Liang@4译 |
| 801 | @aCN@bTSTC@c20021219 | |
| 905 | @dK337.0@e2:2@f1@b219269 | |
| 缅甸史.下册/(英)戈·埃·哈威著/姚梓良译.-北京:商务印书馆,1973.06 |
| 336页;20cm |
| 内部读物.-本书系根据英国Longmans,Green and Co.,1925年出版的哈威著缅甸史译出 |
| ISBN :CNY1.95 |
| ● |
| 相关链接 |
|
|
|
|
正题名:缅甸史
索取号:K337.0/2:2
 
预约/预借
| 序号 | 登录号 | 条形码 | 馆藏地/架位号 | 状态 | 备注 |
| 1 | 0219260 | 001739060 | 第二样本阅览室/ [索取号:K337.0/2:2] | 在馆 |